000 00922nam a2200277 i 4500
005 20260310143140.0
008 260310t20252025my ao gr 001 0bmay d
020 _a9786297625775
_cRM45.00
_qpaperback
040 _aPPAK
_beng
_cPPAK
_erda
082 0 4 _223
_a658.421
090 0 0 _a658.421
_bMUH
_dG
100 0 _aMuhammad Abi Sofian Abdul Halim,
_eauthor.
245 1 0 _aTEROKAI DUNIA NIAGA /
_cMuhammad Abi Sofian Abdul Halim
264 1 _aKuala Nerus, Terengganu :
_bPenerbit UMT,
_c2025
264 4 _c©2025
300 _axxv, 155 pages :
_billustrations, photographs ;
_c23 cm
336 _atext
_2rdacontent
337 _aunmediated
_2rdamedia
338 _avolume
_2rdacarrier
500 _aIncludes index.
504 _aBibliography: page [147].
650 1 0 _aEntrepreneurship
650 2 0 _aBusinesspeople
650 2 0 _aGovernment publications
_zMalaysia
942 _2ddc
_cB
999 _c203404
_d203404